Fingerprint feature extraction algorithms and their automated benchmarking

Uložené v:
Podrobná bibliografia
Hlavný autor: Töngel, Fatih (Autor)
Ďalší autori: Marák, Pavol (Vedúci práce)
Médium: Rukopis Kniha
Jazyk:Slovak
English
Vydavateľské údaje: 2015
Predmet:
On-line prístup:http://is.stuba.sk/zp/portal_zp.pl?podrobnosti=113792
Tagy: Pridať tag
Žiadne tagy, Buďte prvý, kto otaguje tento záznam!

MARC

LEADER 00000ntm a22000003a 4500
001 stuzp49726
003 SK-STU
005 20160719153352.0
007 ta
008 150427s2015----xo-----f-mn---000-0-slo-d
040 |a STU  |b slo 
041 0 |a eng 
100 1 |a Töngel, Fatih  |u 035000  |4 aut  |U FEI Fakulta elektrotechniky a informatiky  |T FEI Ústav informatiky a matematiky  |X 70776  |U E050  |Y 816  |7 70776 
242 0 1 |a Algoritmy extrakcie charakteristických znakov odtlačkov prstov a ich automatizované testovanie  |y slo 
245 1 0 |a Fingerprint feature extraction algorithms and their automated benchmarking 
260 |c 2015 
300 |a 48 s., príl.  |b DVD 
650 4 |a odtlačky prstov  |2 slo 
650 4 |a daktyloskopia  |2 slo 
650 4 |a extrakcia markantov  |2 slo 
650 4 |a Qt knižnica  |2 slo 
650 4 |a grafické užívateľské rozhranie  |2 slo 
650 4 |a testovanie rýchlosti a presnosti  |2 slo 
650 4 |a biometria  |2 slo 
650 4 |a dactyloscopy  |2 eng 
650 4 |a minutiae extraction  |2 eng 
650 4 |a Qt library  |2 eng 
650 4 |a graphical user interface  |2 eng 
650 4 |a performance evaluation  |2 eng 
650 4 |a fingerprints  |2 eng 
650 4 |a biometrics  |2 eng 
700 1 |a Marák, Pavol  |4 ths  |X 50790  |7 A000050790 
856 4 |u http://is.stuba.sk/zp/portal_zp.pl?podrobnosti=113792 
996 |b 284ER01938  |c E*Bc- 1938  |l EE35  |s P  |a 0  |w stuzp49726_0001 
SQL |a stuzp49726  |b DBP  |c ENG  |d Fingerprint feature extraction algorithms and their automated benchmarking  |e 70776  |f Töngel, Fatih  |g 035000  |h 50790  |i Marák, Pavol  |j 20150706  |k 73  |l 03  |m http://is.stuba.sk/zp/portal_zp.pl?podrobnosti=113792  |n B-API  |o 9.2.9. aplikovaná informatika